000 00471cam a2200181ua 4500
001 4119
008 111219n ii |||gr||||Z||||||asm
040 _cMAIN
082 _a891.4513
100 _aBaruah, Prahlad Kumar,
245 1 1 _aAsomiya cutigaplar adhyayana
_cby Prahlad Kumar Baruah
250 _a1st.
260 _aDibrugarh:
_bBanalata,995.
300 _a623p:
_c23cm.
653 _aAssamese short stories
653 _aAsomiya cutigaplar adhyayana
942 _cBK
999 _c3941
_d3941